000 00628cam a2200217 4500500
005 20260329004822.0
041 _afre
042 _adc
100 1 0 _aNathan, Tobie
_eauthor
245 0 0 _aStages de poterie. Payer Les pots cassés
260 _c2021.
500 _a39
690 _aArtisanat
690 _aCréation
690 _aDivinité
690 _aMythologie
690 _aSculpture
690 _aTobie Nathan
786 0 _nPhilosophie magazine | 149 | 5 | 2021-05-01 | p. 24-25 | 1951-1787
856 4 1 _uhttps://shs.cairn.info/magazine-philosophie-magazine-2021-5-page-24?lang=fr&redirect-ssocas=7080
999 _c1837605
_d1837605